000 00316 a2200145 4500
001 57185
020 _a8576662078
040 _cAnchieta - Pituba
100 _aBarreto, Lima
240 1 0 _aMiss Edith e seu tio
_lpor
245 1 0 _aMiss Edith e seu tio
300 _a48
650 4 _aLiteratura juvenil
942 _cBK
999 _c57185
_d57185